<?xml version="1.0" encoding="UTF-8"?>
<record
    xmlns:xsi="http://www.w3.org/2001/XMLSchema-instance"
    xsi:schemaLocation="http://www.loc.gov/MARC21/slim http://www.loc.gov/standards/marcxml/schema/MARC21slim.xsd"
    xmlns="http://www.loc.gov/MARC21/slim">

  <leader>01394nam a2200217 a 4500</leader>
  <controlfield tag="001">000017387</controlfield>
  <controlfield tag="005">20200929165111.0</controlfield>
  <controlfield tag="008">100324s1985    dr a          001 0 spa d</controlfield>
  <datafield tag="040" ind1=" " ind2=" ">
    <subfield code="a">DO-SdBNP</subfield>
    <subfield code="b">spa</subfield>
    <subfield code="c">BNPHU</subfield>
  </datafield>
  <datafield tag="082" ind1=" " ind2=" ">
    <subfield code="a">629.287</subfield>
    <subfield code="b">P227m</subfield>
  </datafield>
  <datafield tag="100" ind1="1" ind2=" ">
    <subfield code="a">Paredes Cipri&#xE1;n, Carlos Tom&#xE1;s,</subfield>
    <subfield code="d">1948-</subfield>
    <subfield code="9">38066</subfield>
  </datafield>
  <datafield tag="245" ind1="1" ind2="0">
    <subfield code="a">Manual de Kharlos para las emergencias mec&#xE1;nicas /</subfield>
    <subfield code="c">Carlos Tom&#xE1;s Paredes Cipri&#xE1;n.</subfield>
  </datafield>
  <datafield tag="260" ind1=" " ind2=" ">
    <subfield code="a">Santo Domingo :</subfield>
    <subfield code="f">Tr&#xE9;bol,</subfield>
    <subfield code="c">1985.</subfield>
  </datafield>
  <datafield tag="300" ind1=" " ind2=" ">
    <subfield code="a">53 p. :</subfield>
    <subfield code="b">il. ;</subfield>
    <subfield code="c">23 cm.</subfield>
  </datafield>
  <datafield tag="500" ind1=" " ind2=" ">
    <subfield code="a">Incluye datos biogr&#xE1;ficos del autor en la cubierta.</subfield>
  </datafield>
  <datafield tag="505" ind1="0" ind2=" ">
    <subfield code="g">Pr&#xF3;logo --</subfield>
    <subfield code="t">Distribuci&#xF3;n de la corriente el&#xE9;ctrica --</subfield>
    <subfield code="t">Motores de arranque --</subfield>
    <subfield code="t">Causas por la que a veces los motores no encienden --</subfield>
    <subfield code="t">Fallas en el sistema el&#xE9;ctrico --</subfield>
    <subfield code="t">Fallas en los frenos --</subfield>
    <subfield code="t">Causa por las cuales el gu&#xED;a de un veh&#xED;culo hala hacia los lados --</subfield>
    <subfield code="t">Causas que motivan las altas temperaturas --</subfield>
    <subfield code="t">Vibraciones en la carrocer&#xED;a --</subfield>
    <subfield code="t">Sonidos que indican desperfectos --</subfield>
    <subfield code="t">Veh&#xED;culos que botan humo por el mofler --</subfield>
    <subfield code="t">Causas que motivan los fallos en el motor --</subfield>
    <subfield code="t">Causas por las cuales un motor se apaga --</subfield>
    <subfield code="t">C&#xF3;mo cambiar los cables de la ignici&#xF3;n --</subfield>
    <subfield code="t">Motores con retroceso --</subfield>
    <subfield code="t">Motor fundido o trancado --</subfield>
    <subfield code="t">Prevenciones.</subfield>
  </datafield>
  <datafield tag="590" ind1=" " ind2=" ">
    <subfield code="a">Inventariado,2018/DG</subfield>
  </datafield>
  <datafield tag="650" ind1=" " ind2="4">
    <subfield code="a">Autom&#xF3;viles</subfield>
    <subfield code="x">Mantenimiento y reparaci&#xF3;n</subfield>
    <subfield code="9">2181</subfield>
  </datafield>
  <datafield tag="650" ind1=" " ind2="4">
    <subfield code="a">Autom&#xF3;viles</subfield>
    <subfield code="x">Manuales</subfield>
    <subfield code="9">38067</subfield>
  </datafield>
  <datafield tag="910" ind1=" " ind2=" ">
    <subfield code="a">Validado. Control de calidad EMS</subfield>
  </datafield>
  <datafield tag="952" ind1=" " ind2=" ">
    <subfield code="0">0</subfield>
    <subfield code="1">0</subfield>
    <subfield code="7">1</subfield>
    <subfield code="8">PD</subfield>
    <subfield code="a">PD</subfield>
    <subfield code="b">PD</subfield>
    <subfield code="c">HD</subfield>
    <subfield code="d">2010-03-24</subfield>
    <subfield code="i">LF1</subfield>
    <subfield code="l">0</subfield>
    <subfield code="o">629.287 P227m</subfield>
    <subfield code="p">17387-10</subfield>
    <subfield code="r">2020-06-25</subfield>
    <subfield code="w">2020-06-25</subfield>
    <subfield code="y">LFPD</subfield>
    <subfield code="Z">No se presta</subfield>
  </datafield>
  <datafield tag="952" ind1=" " ind2=" ">
    <subfield code="0">0</subfield>
    <subfield code="1">0</subfield>
    <subfield code="7">1</subfield>
    <subfield code="8">PD</subfield>
    <subfield code="a">PD</subfield>
    <subfield code="b">PD</subfield>
    <subfield code="c">HD</subfield>
    <subfield code="d">2019-07-02</subfield>
    <subfield code="i">LF1</subfield>
    <subfield code="l">0</subfield>
    <subfield code="o">629.287 P227m</subfield>
    <subfield code="p">17387-20</subfield>
    <subfield code="r">2020-06-25</subfield>
    <subfield code="t">e.2</subfield>
    <subfield code="w">2020-06-25</subfield>
    <subfield code="y">LFPD</subfield>
    <subfield code="z">Perteneci&#xF3; a la biblioteca personal de la familia Reyes Duluc.</subfield>
    <subfield code="Z">No se presta</subfield>
  </datafield>
  <datafield tag="999" ind1=" " ind2=" ">
    <subfield code="c">16912</subfield>
    <subfield code="d">16912</subfield>
  </datafield>
</record>
